ბათუმის შოთა რუსთაველის სახელმწიფო უნივერსიტეტის ბიბლიოთეკა

საბჭოთა რუსეთთან საქართველოს დამარცხების ზოგიერთი ფაქტორის დაზუსტებისათვის : (1921 წლის თებერვალ-მარტი) / (ბიბ.ჩანაწერი № 53372)

000 -ლიდერი
ფიქსირებული სიგრძის საკონტროლო ველი 01889nam a2200289Ia 4500
001 - საკონტროლო ნომერი
საკონტროლო ველი 20415
003 - საკონტროლო ნომრის იდენტიფიკატორი
საკონტროლო ველი GE_BSU
005 - ბოლო ოპერაციის თარიღი და დრო
საკონტროლო ველი 20201126134321.0
008 - ფიქსირებული სიგრძის მონაცემთა ელემენტები - ზოგადი ინფორმაცია
ფიქსირებული სიგრძის საკონტროლო ველი 181216s2016||||ge |||||||||||||| ||geo||
020 ## - წიგნის საერთაშორისო სტანდარტული ნომერი
International Standard Book Number 9789941084638
040 ## - კატალოგიზაციის წყარო
Transcribing agency GE_BSU
041 ## - ენის კოდი
Language code of text/sound track or separate title geo
080 ## - უნივერსალური ათობითი კლასიფიკაციის ინდექსი
Universal Decimal Classification number 94(479.22:470) ვ-12
100 ## - მთავარი ჩანაწერი - პიროვნების სახელი
Personal name ვადაჭკორია, შოთა
9 (RLIN) 5487
245 ## - ცნობა სათაურის შესახებ
Title საბჭოთა რუსეთთან საქართველოს დამარცხების ზოგიერთი ფაქტორის დაზუსტებისათვის : (1921 წლის თებერვალ-მარტი) /
Statement of responsibility, etc შოთა ვადაჭკორია ; რედ. გელა საითიძე.
264 ## - წარმოების, გამოცემის, დისტრიბუციის და სხვა ცნობები
გამოცემის, წარმოების, დისტრიბუციის... ადგილი თბილისი :
გამოცემის, წარმოების, დისტრიბუციის... სახელწოდება გეორგიკა,
გამოცემის, წარმოების, დისტრიბუციის... თარიღი 2016.
300 ## - ფიზიკური აღწერა
Extent 136 გვ. :
Other physical details რუკები ;
Dimensions 20 სმ.
504 ## - BIBLIOGRAPHY, ETC. NOTE
Bibliography, etc ბიბლიოგრ. : გვ.123-125
520 ## - SUMMARY, ETC.
Summary, etc რეზიუმე ინგლისურ ენაზე
653 ## - INDEX TERM--UNCONTROLLED
Uncontrolled term ისტორია
653 ## - INDEX TERM--UNCONTROLLED
Uncontrolled term საბჭოთა რუსეთთან საქართველოს დამარცხების ზოგიერთი ფაქტორის დაზუსტებისათვის : (1921 წლის თებერვალ-მარტი)
653 ## - INDEX TERM--UNCONTROLLED
Uncontrolled term საქართველო-რუსეთის ურთიერთობების ისტორია
653 ## - INDEX TERM--UNCONTROLLED
Uncontrolled term საქართველოს ოკუპაცია რუსეთის მიერ
700 ## - ADDED ENTRY--PERSONAL NAME
Personal name საითიძე, გელა
Relator term რედაქტორი
9 (RLIN) 9779
710 ## - ADDED ENTRY--CORPORATE NAME
Corporate name or jurisdiction name as entry element ივ. ჯავახიშვილის სახელობის ისტორიისა და ეთნოლოგიის ინსტიტუტი
9 (RLIN) 9780
942 ## - ADDED ENTRY ELEMENTS (KOHA)
Koha item type წიგნი
Source of classification or shelving scheme
ეგზემპლარები
ჩამოწერის სტატუსი დაკარგული ეგზემპლარის სტატუსი კლასიფიკაციის წყარო ან თაროზე გაწყობის სქემა დაზიანების სტატუსი არ გაიცემა მუდმივი მდებარეობა (დაცვის ადგილი) ამჟამინდელი ადგილსამყოფელი თაროზე განთავსების ადგილი შეძენის თარიღი სრული შენახვის შიფრი შტრიხკოდი ბოლო ოპერაციის თარიღი ეგზემპლარის მიმდევრობითი ნომერი (კეტერი?) ფასის ძალაში შესვლის თარიღი ეგზემპლარის სახეობა
          ბათუმის შოთა რუსთაველის სახელმწიფო უნივერსიტეტის მთავარი ბიბლიოთეკა ბათუმის შოთა რუსთაველის სახელმწიფო უნივერსიტეტის მთავარი ბიბლიოთეკა წიგნსაცავი 2018-12-17 94(479.22:470) ვ-12 53392 2018-12-17 53392 2018-12-17 წიგნი